000 00936nmc a2200325 a 4500
003 AR-BaBNM
005 20251128204403.0
008 305019s1990 ||||||||||||||000 | spa||
020 _a950-548-001-6
040 _cAR-BaBNM
100 1 _aCassani, Juan Emilio
245 1 0 _aFundamentos y alcances de la política educacional
260 _aBuenos Aires
_bLibrería Del Colegio
_c1990
300 0 _a298 p.
490 0 _aBiblioteca nueva pedagogía
500 0 _aNota preliminar por Ethel M. Manganiello
650 4 _aPOLITICA EDUCATIVA
650 4 _aFORMACION DE DOCENTES
650 4 _aEDUCACION DE ADULTOS
650 4 _aIGLESIA Y EDUCACION
650 4 _aESTADO Y EDUCACION
650 4 _aDERECHO A LA EDUCACION
650 4 _aEDUCACION ESPECIAL
650 4 _aALUMNOS SUPERDOTADOS
650 4 _aEDUCACION EXTRAESCOLAR
650 4 _aPOLITICA EDUCATIVA
653 _aDISCAPACITADOS
942 _cBK
998 _cCarmen
999 _c7252
_d7252